निराला की सम्पूर्ण कहानियाँ/ (Record no. 213118)
[ view plain ]
| 000 -LEADER | |
|---|---|
| fixed length control field | 00930nam a22002177a 4500 |
| 005 - DATE AND TIME OF LATEST TRANSACTION | |
| control field | 20250822143945.0 |
| 010 ## - LCCN (DPL NO) | |
| LC control number | HIN-129818 |
| 020 ## - INTERNATIONAL STANDARD BOOK NUMBER | |
| International Standard Book Number | 9789349162013 |
| Terms of availability | 299.00 |
| 035 ## - SYSTEM CONTROL NUMBER | |
| System control number | HN-102164 |
| 037 ## - SOURCE OF ACQUISITION | |
| Source of stock number/acquisition | DBAD |
| 082 ## - DEWEY DECIMAL CLASSIFICATION NUMBER | |
| Classification number | क |
| 100 ## - MAIN ENTRY--PERSONAL NAME | |
| Personal name | त्रिपाठी, सूर्यकान्त |
| 245 ## - TITLE STATEMENT | |
| Title | निराला की सम्पूर्ण कहानियाँ/ |
| Statement of responsibility, etc | सूर्यकान्त त्रिपाठी |
| 250 ## - EDITION STATEMENT | |
| Edition statement | प्रथम |
| 260 ## - PUBLICATION, DISTRIBUTION, ETC. (IMPRINT) | |
| Place of publication, distribution, etc | दिल्ली |
| Name of publisher, distributor, etc | राजपाल एण्ड सन्ज |
| Date of publication, distribution, etc | 2025 |
| 270 ## - ADDRESS | |
| Address | 1590 मदरसा रोड कश्मीरी गेट दिल्ली |
| City | दिल्ली |
| Postal code | 110006 |
| Telephone number | 01123869812 |
| -- | 01123865483 |
| -- | 01123867791 |
| Electronic mail address | sales@rajpalpublishing.com |
| 300 ## - PHYSICAL DESCRIPTION | |
| Extent | 236पृ.; |
| Dimensions | 22सेमी (अजिल्द) |
| 700 ## - ADDED ENTRY--PERSONAL NAME | |
| 9 (RLIN) | 84244 |
| 710 ## - ADDED ENTRY--CORPORATE NAME | |
| 9 (RLIN) | 59840 |
| 942 ## - ADDED ENTRY ELEMENTS (KOHA) | |
| Source of classification or shelving scheme | Dewey Decimal Classification |
| Item type | Hindi Books |
| Classification part | क |
| Call number suffix | त्रिपाठी |
| Withdrawn status | Lost status | Not for loan | Collection code | Home library | Current library | Date acquired | Source of acquisition | Cost, normal purchase price | Full call number | Barcode | Copy number | Cost, replacement price | Koha item type |
|---|---|---|---|---|---|---|---|---|---|---|---|---|---|
| Fiction | Mobile Library | Mobile Library | 22/08/2025 | DBAD | 299.00 | क त्रिपाठी | HN-102164 | 1 | 299.00 | Hindi Books |
